| 000 | 00787nam a2200241 u 4500 | ||
|---|---|---|---|
| 005 | 20250408063815.0 | ||
| 008 | 100420s2007 es r 000 0 spa d | ||
| 020 | _a9788483077627 (Península) | ||
| 020 | _a9789707773219 (Océano) | ||
| 035 | _aUPN01000175438 | ||
| 049 | _aCG | ||
| 050 | 4 |
_aP106 _bCH6.3 |
|
| 100 | 1 |
_aChomsky, Noam, _d1928- |
|
| 245 | 1 | 0 |
_aConocimiento y libertad / _cNoam Chomsky ; pról., rev., notas y tr. Carlos-Peregrín Otero. |
| 260 |
_aBarcelona, Esp. : _bPenínsula : _bOcéano, _c2007. |
||
| 300 | _a174 p. | ||
| 440 | 0 |
_aAtalaya ; _v260 |
|
| 534 |
_pTítulo original: _tProblems of knowledge and freedom |
||
| 650 | 4 |
_aLENGUAS - _xFILOSOFIA _93839 |
|
| 650 | 4 |
_aTeoría del conocimiento _91707 |
|
| 650 | 4 |
_aPolítica mundial _912677 |
|
| 905 | _aLibro | ||
| 999 |
_c147542 _d147542 |
||